Marketing of financial services (Record no. 129864)

MARC details
000 -LEADER
fixed length control field 00365nam a2200145Ia 4500
008 - FIXED-LENGTH DATA ELEMENTS--GENERAL INFORMATION
fixed length control field 230917s9999||||xx |||||||||||||| ||und||
040 ## - CATALOGING SOURCE
-- 116218
Original cataloging agency VIVEKANANDA LIBRARY
041 ## - Language
-- English
082 ## - DDC NUMBER
Classification number 658.8 A11M
100 ## - MAIN ENTRY--PERSONAL NAME
Personal name Avadhani, V A
245 #0 - TITLE STATEMENT
Title Marketing of financial services
260 ## - PUBLICATION, DISTRIBUTION, ETC. (IMPRINT)
Place of publication, distribution, etc Delhi
Name of publisher, distributor, etc Himalaya Publishing House
Date of publication, distribution, etc 2005
300 ## - PHYSICAL DESCRIPTION
Pages 449 p.
942 ## - ADDED ENTRY ELEMENTS (KOHA)
Koha item type Books
Holdings
Withdrawn status Lost status Source of classification or shelving scheme Damaged status Not for loan Location (home branch) Sublocation or collection (holding branch) Shelving location Date acquired Koha issues (times borrowed) Koha full call number Accession No. Koha date last seen Koha item type
Withdrawn   Dewey Decimal Classification Damaged   VIVEKANANDA LIBRARY VIVEKANANDA LIBRARY IMSAR Library 24/06/2008   658.8 A11M 227503 17/09/2023 Books
© Designed and Maintained by Vivekananda Library, MDU Rohtak